| 000 | 01424nam a2200349 c 4500 | ||
|---|---|---|---|
| 999 |
_c16322 _d16322 |
||
| 003 | BLK | ||
| 005 | 20220518125104.0 | ||
| 008 | 180413b bul|||||r ||||||| ||bul|| | ||
| 010 | _aKNG00018185000 | ||
| 040 | _aBLK | ||
| 041 |
_aBUL _cBUL |
||
| 080 |
_aБългарски език _b811.163.2 _x(038) _z811.163.2(038) |
||
| 139 |
_aРечник на чуждите думи в българския език _bР 56 |
||
| 245 | 1 | 0 |
_aРечник на чуждите думи в българския език _cсъстав. Мария Филипова-Байрова; отг. ред. Стефан Илчев. |
| 257 | _aBGR | ||
| 260 |
_aСофия _bБАН _c1982 |
||
| 300 |
_a1016 с. _c24 см |
||
| 380 | _a80 | ||
| 500 | _aДруги авт.: С. Бояджиев, Ел. Машалова, К. Костов. - Изд. на БАН. Инст. за бълг. ез. - Библиогр. с. 1013-1015. | ||
| 504 | _a1013-1015 | ||
| 650 | 4 |
_aЧужди думи - в българския език - речници _9245118 |
|
| 653 | _aчужди думи | ||
| 653 | _aбългарски език | ||
| 653 | _aречници | ||
| 700 | 1 |
_aФилипова-Байрова, Мария _eсъстав. _9247399 |
|
| 700 | 1 |
_aИлчев, Стефан _eотг. ред. _9261038 |
|
| 852 | _aЦб 119088 | ||
| 856 | 4 |
_qpdf _u |
|
| 856 | 4 |
_qpdf _u |
|
| 942 |
_cKNG _n0 _s1 |
||
| 944 |
_aCR _c24.06.2010 _kИрена_Линкова |
||
| 944 |
_aED _c16.01.2012 |
||
| 999 | _d16322 | ||